00780 a2200193 45000010006000000050017000060080041000230030015000640400040000790800081001192450067002000200022002672640033002893000018003225050115003400410008004551000028004638560095004914108720260407155704.0260407a2006 arg spa dAR-UNSa-BCEJYS aAR-UNSa-BCEJYSbspacAR-UNSa-BCEJYS a343.53xFraudes en el comercio y en la industria (Derecho Penal Económico)10aLey 25.246 de lavado de activos de origen delictivopcomentada a978-950-894-559-4 1aBuenos Aires :bAD-HOCc2006 a92 p.c20 cm. a1. Introducción - 2. Comentario: Decreto 370/00 - 3. Conclusión: Ley 26.287 modificatoria de la Ley 25.246 aspa1 aMeincke, María José41uhttps://biblioeco.unsa.edu.ar/pmb/images/libros/L126354.jpgyImagen de portadaqimage/jpeg